| 000 | 00472nam a22001577a 4500 | ||
|---|---|---|---|
| 003 | 0 | ||
| 005 | 20231117073448.0 | ||
| 008 | 231117b xxu||||| |||| 00| 0 eng d | ||
| 020 | _a978-621-406-171-6 | ||
| 050 |
_aB 3973 _b .Et84 2022 |
||
| 245 | _aEthics for college students: CHED curriculum-compliant | ||
| 260 |
_aManila _bMindshapers Co., Inc. _cc2022. |
||
| 300 |
_axii, 267 pages ; _c23 cm. |
||
| 504 | _aIncludes bibliographical references. | ||
| 942 |
_2lcc _cBK |
||
| 999 |
_c365609 _d365609 |
||